| 000 | 00540nam a2200193 a 4500 | ||
|---|---|---|---|
| 001 | 1724 | ||
| 003 | CDMR | ||
| 005 | 20131125132305.0 | ||
| 008 | 130130s1977||||||||||||||||||||||||||||d | ||
| 020 | _a8485047893 | ||
| 040 |
_aCDMR _bcat _cCDMR |
||
| 100 | 1 |
_aFernández Areal, Manuel _9421 |
|
| 245 | 1 | 0 |
_aIntroducción al derecho de la información _cManuel Fernández Areal |
| 260 |
_aBarcelona _c1977 _bATE |
||
| 300 | _a126 p. | ||
| 490 | 0 |
_aLibros de Comunicación Social _v8 |
|
| 650 | 0 | 4 |
_91574 _aLlibertat d'informació |
| 942 |
_cMON _2udc |
||
| 999 |
_c1724 _d1724 |
||